| 000 | 00852nam a22002777a 4500 | ||
|---|---|---|---|
| 001 | 6786 | ||
| 003 | FISKH | ||
| 005 | 20250528104607.0 | ||
| 008 | 250528b cb ||||| |||| 00| 0 eng d | ||
| 020 | _a9780545658546 | ||
| 040 |
_aFISKH _beng _cFISKH _dFISKH |
||
| 050 | _aQE521 .S56 | ||
| 082 | _a551.21 | ||
| 100 | _aSimon, Seymour | ||
| 245 |
_aVolcanoes / _cSeymour Simon |
||
| 250 | _aThis edition published in 2006 | ||
| 260 |
_aNew York : _bScholastic, _c1988. |
||
| 300 |
_a30 pages : _bcolor illustrations ; _c23 cm |
||
| 505 | _aR | ||
| 520 | _aExplains, in simple terms, the characteristics of volcanoes and describes some famous eruptions and their aftermath. | ||
| 521 | 8 |
_a660
_bLexile estimate |
|
| 521 | 8 |
_aR
_bRaz-Plus |
|
| 650 |
_aEarth Science _vNatural Disasters |
||
| 942 |
_2ddc _cBK _n0 |
||
| 999 |
_c6786 _d6786 |
||